000 01863nam a2200361 i 4500
001 57526
003 CO-BoRNBP
005 20250709121758.0
007 ta
008 231121s2023 ck a|||jr|||| 000 1|spa d
020 _a9786287609099
040 _aCO-BoRNBP
_bspa
_erda
_cCO-BoRNBP
041 0 _aspa
043 _as-ck---
084 _aC VEL13
100 _aVelásquez Guiral, Marcela,
_d1984- ,
_960943
245 1 0 _aA mediodía llovían pájaros
_cMarcela Guiral Velásquez ; ilustraciones Alejandra Estrada
250 _aEdición especial para el Ministerio de las Culturas
264 1 _aBogotá, Colombia
_bBabel
_c2023
300 _a259 páginas
_bilustraciones a color
_c19 cm
336 _atexto
_btxt
_2rdacontenido
337 _asin mediación
_bn
_2rdamedio
338 _avolumen
_bnc
_2rdasoporte
500 _aIncluye datos biográficos de los autores
520 3 _aUn pueblo en medio de las montañas de Colombia, un bosque antes habitado por mariposas azules, ahora un bosque y un pueblo de pájaros. Pájaros que no solo hacen parte de la vida diaria, pájaros que dictan la actuación y determinan el futuro de los habitantes con quienes comparten el pueblo. Hubo antes una guerra que acabó con las mariposas; ahora, llega hasta el pueblo lo peor de otra guerra y nuevamente la naturaleza, esta vez representada por los pájaros, lleva la peor parte y a la vez representa la salvación. Una historia que se repite, un pueblo que aprende de su pasado. (Tomado a partes del texto).
521 _aRecomendado para un público mayor de 12 años
650 1 0 _aCuentos juveniles colombianos
_ySiglo XXI
_2LEMB
_960944
650 1 0 _aLiteratura Juvenil Colombiana
_2LEMB
_9372
650 1 7 _aConflicto armado en la literatura
_2LEMB
_960945
650 1 7 _aAves
_zColombia
_2LEMB
_960946
700 _aEstrada, Alejandro
_927377
942 _2loc
_cBKLIT
999 _c57526
_d57526